!NO! SEÑOR PRESIDENTE: LA REALIDAD NACIONAL DEL ACTUAL SEXENIO SIN MAQUILLAJE OFICIAL/

Salvato in:
Dettagli Bibliografici
Autore principale: Mora, Juan Miguel de (autor)
Natura: Libro
Soggetti:
Tags: Aggiungi Tag
Nessun Tag, puoi essere il primo ad aggiungerne!!

MARC

LEADER 00000nam^a2200000^a^4500
001 000224406
005 20250521000000.0
009 20260310104048.369
035 |a 043492 
037 |a Acervo Xavier Clavigero 
082 |a 320. 972  |b MOR 
100 |a Mora, Juan Miguel de  |e (autor) 
245 1 0 |a !NO! SEÑOR PRESIDENTE:  |b LA REALIDAD NACIONAL DEL ACTUAL SEXENIO SIN MAQUILLAJE OFICIAL/  |c JUAN MIGUEL DE MORA 
264 |a MEXICO :  |b ANAYA,  |c 1983 
300 |a 273p. 
336 |a texto  |b txt  |2 rdacontenido 
337 |a sin mediación  |b n  |2 rdamedio 
338 |a volumen  |b nc  |2 rdasoporte 
649 |a XX 
650 |a Política -  |z México -  |x Historia -  |y 1982-1988 
910 |a Fondo General 
920 |a Impresos - Libros 
930 |a Colección General 
905 |a 101 
901 |a 043492  |b IT1  |c ACC  |i 043492  |u 20250521 
902 |a https://opac.biblio.iteso.mx/vufind/Record/000224406